000 00576nam a2200169 4500
001 107268
003 ES-MaACL
005 20250716063253.0
007 t|
008 061121s1915 xxu r ||||1| eng d
100 1 _aMorley, S. Griswold,
_d1878-1970
_983604
245 1 0 _aBureau of american ethnology
_b: an introduction to the study of the maya hieroglyphs /
_cSilvanus Griswold Morley.
260 _aWashington :
_bGoverment Printing Office,
_c1915.
300 _aXVI, 284 p., lám. :
_bil. ;
_c24 cm.
852 _aES-MaACL
_jG-15409
999 _c107268
_d107268